| 000 | 01534nam0a2200361 4500 | ||
|---|---|---|---|
| 001 | RU\NLR\bibl\1053072 | ||
| 005 | 20260405125933.0 | ||
| 010 |
_a5-98597-057-4 _9500 |
||
| 021 |
_aRU _b2007-720 _932 |
||
| 035 | _a(nilc)RSL-KNO-003023642 | ||
| 035 | _a(NLR Aleph) 001040373 | ||
| 090 |
_a814793 _c814793 |
||
| 100 | _a20070202d2005 |||y0rusy50 ca | ||
| 101 | 0 | _arus | |
| 102 | _aRU | ||
| 105 | _aa ||||||||| | ||
| 106 | _ar | ||
| 200 | 1 |
_aНаучные основы развития производства продовольствия _fСидоров А.Н. |
|
| 210 |
_aМосква _cПроспект _d2005 |
||
| 215 |
_a293 с. _cил., табл. _d20 |
||
| 320 | _aБиблиогр.: с. 291-293 (32 назв.) | ||
| 606 | 1 |
_aПродовольственные комплексы _yРоссийская Федерация _92127568 _3RU\NLR\auth\661284002 |
|
| 610 | 0 | _aЭкономика -- Российская Федерация -- Сельское хозяйство -- Агропромышленный комплекс | |
| 686 |
_aУ9(2)320-434,0 _2rubbk |
||
| 686 | _aУ32(2)-434(2Р) | ||
| 686 | _aУ9(2)-434(2Р) | ||
| 700 | 1 |
_4070 _8rus _7ca _aСидоров _bА. Н. _cд-р экон. наук, экономика и управление народным хоз-вом. _gАлександр Николаевич _3RU\NLR\auth\7751156 _934090 |
|
| 801 | 0 |
_aRU _bРКП _c20070202 _grcr |
|
| 801 | 1 |
_aRU _bРГБ _c20070202 |
|
| 801 | 2 |
_aRU _bNLR _c20070302 _grcr |
|
| 942 | _cBOOK | ||
| 980 | _aNB | ||